Prénoms de filles les plus populaires au Québec en 2018 - Statistiques

Statistiques générales
  • Ce quiz a été pris 126 fois
  • Le résultat moyen est 42 sur 100
Statistiques - réponses
Réponse % Correct
Léa
80%
Emma
78%
Julia
77%
Anna
76%
Rose
70%
Sara
70%
Sarah
70%
Chloé
69%
Alice
67%
Camille
67%
Zoé
66%
Zoey
66%
Charlotte
64%
Juliette
64%
Émilie
61%
Laura
61%
Sophie
61%
Gabrielle
60%
Olivia
60%
Jade
59%
Lily
59%
Noémie
59%
Jeanne
58%
Sofia
57%
Sophia
57%
Eva
55%
Alicia
54%
Alycia
54%
Florence
53%
Charlie
51%
Mia
51%
Elisabeth
49%
Elizabeth
49%
Justine
49%
Rosalie
49%
Laurence
48%
Victoria
48%
Amélia
47%
Clara
47%
Aurélie
46%
Élodie
46%
Ève
46%
Léane
45%
Léanne
45%
Anaïs
43%
Laurie
43%
Mathilde
42%
Romy
42%
Alexia
41%
Béatrice
41%
Raphaëlle
41%
Romane
41%
Océane
39%
Océanne
39%
Elena
37%
Marianne
37%
Coralie
36%
Emy
36%
Ophélie
36%
Léonie
35%
Megan
35%
Mégane
35%
Mila
35%
Eloïse
34%
Maélie
33%
Maély
33%
Clémence
31%
Mélodie
31%
Annabelle
30%
Lina
30%
Éléonore
29%
Eliane
29%
Maeva
29%
Delphine
28%
Jasmine
28%
Livia
28%
Lyvia
28%
Margot
28%
Abigaelle
25%
Agathe
25%
Ellie
25%
Simone
25%
Adèle
24%
Maya
24%
Estelle
22%
Flavie
22%
Lily-Rose
22%
Stella
20%
Kayla
19%
Magalie
19%
Maïka
18%
Alyssa
17%
Yasmine
17%
Arielle
14%
Evelyne
14%
Lexie
14%
Abby
12%
Emma-Rose
8%
Aya
5%
Layla
5%
Aucun quiz correspondant
Distribution des résultats
% des personnes avec chaque résultat
Percentile par nombre de réponses
Votre historique - résultats
Vous n’avez pas pris ce quiz